000 00826nas a2200265 4500
001 BR2014000031
003 BR-BrBNA
005 20231205123545.0
007 ta
008 230509b bl.|||p| |||| 00| 00por d
040 _aBR-BrBNA
_bpor
_cBiblioteca Nacional de Agricultura
041 _a(Pt)
072 _aF70
100 1 _aLoeuille, B.
100 1 _aMittelstaedt, C.A.
100 1 _aSemir, J.
100 1 _aPirani, J.R.
245 1 _aFlora da serra cipó, Minas Gerais: compositae-gnaphalieae e inuleae
650 _aASTERACEAE
650 _aDISTRIBUIÇÃO GEOGRÁFICA
650 _aCOMPOSIÇÃO BOTÂNICA
773 0 _tBoletim de Botânica da Universidade de São Paulo (Brazil)
_xISSN 0302-2439
_g(2013), v. 31(1) p. 13-25
_wBR2014000031
909 _a202311
_bLúcia
_c55
_dLúcia Elande
942 _2AGRIS
_n0
_cANA
999 _c234502
_d234502